000 02369cam a22004934i 4500
003 PE-LiUPU
005 20250731165446.0
008 150617s r 000 0 d
035 _a(Sirsi) a18853
035 _a(Sirsi) a18853
040 _aPE-LiUPU
_bspa
_cPE-LiUPU
_erda
049 _aPRUA
082 0 4 _a109
_bM26
_221
100 1 _aMarías, Julián,
_d1914-2005,
_eautor.
245 1 0 _aMiguel de Unamuno.
_n5,
_pla escuela de Madrid,
_pla imagen de la vida humana /
_cJulián Marías.
264 1 _aMadrid :
_bRevista de Occidente,
_c1969.
300 _a593 páginas ;
_c22 cm
336 _atext
_2rdacontent
337 _aunmediated
_2rdamedia
338 _avolume
_2rdacarrier
505 0 _aEl problema -- El tema de Unamuno -- La novela personal -- La novela como método de conocimiento -- Los relatos de unamuno -- La poesía -- La religión en la obra de Unamuno -- Unamuno y la filosofía -- Presencia y ausencia del existencialismo en España -- Genio y figura de Miguel de Unamuno -- La tía Tula -- La obra de Unamuno -- Ortega y la idea de la razón vital -- Vida y razón en la filosofía de Ortega -- En la muerte de Ortega -- Conciencia y realidad ejecutiva -- Vieja y nueva política -- El hombre y la gente -- Exhortación al estudio de un libro -- Ortega ante Goethe -- El ligado filosófico de Manual García Morente -- Xavier Zubiri -- La novela como método de conocimiento -- Realidad y ser en la filosofía española.
526 _aSEG44
526 _aSEG26
526 _aP151
526 _aP150
526 _aP149
526 _aP146
526 _aP145
526 _aP126
526 _aP125
526 _aP92
526 _aP75
526 _aP74
526 _aP27
526 _aP15
600 1 _aUnamuno, Miguel de.
_d1864-1936
_92254
910 _ajck
_bjvq
_cjck
_d20150616
942 _2ddc
_cBOOK
949 _a109 M26 5
_wDEWEY
_c1
_i33809
_lRC
_mBUL
_r0
_sY
_tBOOK
_u2015-6-17
_xBIBLIOTECA
_zUNKNOWN
_0COMPRA
_o.CIRCNOTE. No olvidar cambiar la fecha de devolución!!!!!!!
_o.STAFF. Colección General
994 _aC0
_bPEPRU
596 _a1
999 _a109 M26 5
_wDEWEY
_c18591
_i33809
_f2021-11-8
_g5
_lRCG
_mBUL
_r1
_sY
_tBOOK
_u2015-6-17
_xBIBLIOTECA
_zUNKNOWN
_0COMPRA
_o.CIRCNOTE. No olvidar cambiar la fecha de devolución!!!!!!!
_o.STAFF. Colección General
_d18591
980 _81
_gALBERTO SANCHEZ Responsable de Automatización